Vnútropodniková komunikácia
Vymedzenie a formy vnútropodnikovej komunikácie. Verbálna, neverbálna a paraverbálna komunikácia. Vertikálny a horizontálny komunikačný tok podniku, neformálny komunikačný tok. Výhody a nevýhody používania jednotlivých tokov komunikácie.
Saved in:
| Main Author: | |
|---|---|
| Format: | Book Chapter |
| Language: | Slovak |
| Subjects: | |
| Tags: |
No Tags, Be the first to tag this record!
|
MARC
| LEADER | 00000nla$a2200000$$$4500 | ||
|---|---|---|---|
| 001 | 0068174 | ||
| 005 | 20240502071824.9 | ||
| 041 | 0 | |a slo | |
| 044 | |a SK | ||
| 245 | 1 | 0 | |a Vnútropodniková komunikácia |c Jakub Kintler |
| 520 | |a Vymedzenie a formy vnútropodnikovej komunikácie. Verbálna, neverbálna a paraverbálna komunikácia. Vertikálny a horizontálny komunikačný tok podniku, neformálny komunikačný tok. Výhody a nevýhody používania jednotlivých tokov komunikácie. | ||
| 610 | 2 | 0 | |a komunikácia firemná |
| 610 | 2 | 0 | |a komunikácia neverbálna |
| 610 | 2 | 0 | |a pracovisko |
| 610 | 2 | 0 | |a vzťahy pracovné |
| 100 | 1 | |a Kintler, Jakub, 1979- | |